Metal Bands A-Z (by picture) - Statistics

General Stats
  • This quiz has been taken 399 times
  • The average score is 10 of 26
Answer Stats
Picture Answer % Correct
Black Sabbath
87%
Megadeth
77%
Slayer
77%
Korn
74%
Pantera
67%
Cannibal Corpse
65%
Judas Priest
64%
Anthrax
60%
Iron Maiden
57%
Death
55%
Rammstein
46%
Twisted Sister
46%
Lamb of God
44%
Opeth
39%
Venom
30%
Five Finger Death Punch
24%
Exodus
21%
Napalm Death
18%
Quiet Riot
18%
W.A.S.P.
17%
U.D.O.
13%
Helloween
12%
Groza
2%
XONOR
2%
Yyrkoon
1%
Zuriaake
1%
No matching quizzes found
Score Distribution
Percent of People with Each Score
Percentile by Number Answered
Your Score History
You have not taken this quiz